Dolphin Boy / (Record no. 1046)

MARC details
000 -LEADER
fixed length control field 00896nam a22002537a 4500
005 - DATE AND TIME OF LATEST TRANSACTION
control field 20230719104243.0
020 ## - INTERNATIONAL STANDARD BOOK NUMBER
International Standard Book Number 9780749737306
040 ## - CATALOGING SOURCE
Language of cataloging eng
Transcribing agency FISKH
Modifying agency FISKH
082 ## - DEWEY DECIMAL CLASSIFICATION NUMBER
Classification number 823.914
100 ## - MAIN ENTRY--PERSONAL NAME
Personal name Bertagna, Julie
245 ## - TITLE STATEMENT
Title Dolphin Boy /
Statement of responsibility, etc. Author : Julie Bertagna
250 ## - EDITION STATEMENT
Edition statement First published in Great Britain in 1999.
260 ## - PUBLICATION, DISTRIBUTION, ETC.
Place of publication, distribution, etc. London :
Name of publisher, distributor, etc. Mammoth,
Date of publication, distribution, etc. 1999.
300 ## - PHYSICAL DESCRIPTION
Extent 87 pages :
Other physical details illustrations,
Dimensions 20
490 ## - SERIES STATEMENT
Series statement Mammoth Read
505 ## - FORMATTED CONTENTS NOTE
Formatted contents note N <br/>
520 ## - SUMMARY, ETC.
Summary, etc. A boy who won't speak meets a lost dolphin. Trapped in loneliness, a bond of friendship grows between them that leads the way to happiness and freedom for both the boy and the dolphin.
521 ## - TARGET AUDIENCE NOTE
Target audience note 560 <br/>
Source Lexile estimate
521 ## - TARGET AUDIENCE NOTE
Target audience note N <br/>
Source Raz-Plus <br/>
650 ## - SUBJECT ADDED ENTRY--TOPICAL TERM
Topical term or geographic name entry element communication disorders
Form subdivision dolphin
General subdivision animals
942 ## - ADDED ENTRY ELEMENTS (KOHA)
Source of classification or shelving scheme Dewey Decimal Classification
Koha item type Books
Suppress in OPAC No
999 ## -
-- 1046
-- 1046
Holdings
Withdrawn status Lost status Source of classification or shelving scheme Damaged status Not for loan Collection Home library Current library Shelving location Date acquired Total Checkouts Full call number Barcode Date last seen Date last checked out Price effective from Koha item type
    Dewey Decimal Classification     Juvenile Fiction Footprints International School Library Network Toul Kork Campus Footprints International School Library Network Toul Kork Campus TK Primary Library Room(4th Floor), Bookcase 3&4, Shelves 17-32, Yellow Books 07/19/2023 1 BER 823.914 FISTK03952 12/19/2025 08/29/2025 07/19/2023 Books